01039naa a2200205 i 4500001000400000003000400004005001700008008003900025040000800064041000800072044000800080100012900088245018600217260001000403500004200413655003000455700012300485773011100608711011400719BPPBPK20180201131651.0150409s2001 cze f |100 0 eng cBPK aeng aCZE aHRYNIEWICZ, Tadeusz.d1996 - .bPolitechnika Koszalińska - Wydział Mechaniczny,cKatedra Elektrotechniki i Elektrochemii  aOn the microcracks nucleation and growth in the technical chromium layers coated electrolytically over the surface of heavy-duty machine parts /cTadeusz Hryniewicz, Tadeusz Nykiel. c2001. aDane z bibliografii załącznikowej. 0aMateriały konferencyjne. aNYKIEL, Tadeusz.d1996 - 2003.bPolitechnika Koszalińska - Wydział Mechaniczny,cKatedra Inżynierii Materiałowej iW :tMetal 2001 : 10th International Metallurgical and Materials Conference : Proceedings. -g2001, s. 192 aInternational Metallurgical and Materials Conference METAL 2001n(10 ;d2001 ;cOstrava, Czechy).pMETAL 2001